[Event "HUN Team League Csongrad Region 2019–2"]
[Site "Csongrád County"]
[Date "2020.02.09"]
[Round "6.1"]
[White "Abraham, Zoltan"]
[Black "Tubak, Daniel"]
[Result "0-1"]
[WhiteElo "1825"]
[BlackElo "2231"]
[PlyCount "80"]
[EventDate "2019.09.29"]
[WhiteTeam "Vásárhely"]
[BlackTeam "Maróczy III."]

1. Nf3 g6 2. d4 Bg7 3. Bf4 d6 4. e3 Nd7 5. Bc4 e5 6. Bg5 Ngf6 7. c3 O-O 8. h4
h6 9. Bxf6 Qxf6 10. Nbd2 Qe7 11. Qc2 c6 12. dxe5 d5 13. Be2 Nxe5 14. Nxe5 Qxe5
15. O-O-O b5 16. Nf3 Qf6 17. Rd4 a5 18. Rf4 Qd6 19. Nd4 Be5 20. g3 Bxf4 21.
gxf4 b4 22. c4 dxc4 23. Bxc4 Ba6 24. Rg1 Bxc4 25. Qxc4 Kh7 26. h5 c5 27. Ne2
Rad8 28. f5 g5 29. f6 Qd2+ 30. Kb1 Qd3+ 31. Qxd3+ Rxd3 32. Nc1 Rd6 33. Nb3 Rxf6
34. f4 gxf4 35. exf4 Rxf4 36. Nxc5 Rh4 37. Nd7 Rd8 38. Nf6+ Kh8 39. b3 Rhd4 40.
Kc1 Rf4 0-1

[Event "HUN Team League Csongrad Region 2019–2"]
[Site "Csongrád County"]
[Date "2020.02.09"]
[Round "6.1"]
[White "Kelemen, David"]
[Black "Markus, Molli Amina"]
[Result "1-0"]
[WhiteElo "2173"]
[BlackElo "1669"]
[PlyCount "81"]
[EventDate "2019.09.29"]
[WhiteTeam "Maróczy III."]
[BlackTeam "Vásárhely"]

1. e4 c5 2. Nf3 e6 3. d4 cxd4 4. Nxd4 Nc6 5. Nc3 Qc7 6. Be3 a6 7. Qd2 Nf6 8. f3
Bb4 9. O-O-O b5 10. g4 h6 11. Nxc6 dxc6 12. Bf4 e5 13. Bxe5 Qe7 14. Qf4 Be6 15.
Kb1 a5 16. Be2 Bxc3 17. Bxc3 b4 18. Be5 a4 19. Bd6 Qb7 20. Qe5 b3 21. cxb3 axb3
22. a3 Rg8 23. f4 Nd7 24. Qc3 f6 25. g5 hxg5 26. Bh5+ g6 27. Bxg6+ Bf7 28.
Bxf7+ Kxf7 29. Qc4+ Kg7 30. fxg5 fxg5 31. Rhg1 Kh7 32. Qf7+ Rg7 33. Qh5+ Kg8
34. Rxg5 Nf6 35. Qh6 Rxg5 36. Qxg5+ Qg7 37. Qe3 Kh7 38. Rg1 Qd7 39. e5 Qf5+ 40.
Ka1 Nd5 41. Qg3 1-0

[Event "HUN Team League Csongrad Region 2019–2"]
[Site "Csongrád County"]
[Date "2020.02.09"]
[Round "6.1"]
[White "Torok, Csaba"]
[Black "Koszta, Benedek"]
[Result "0-1"]
[WhiteElo "1719"]
[BlackElo "2096"]
[PlyCount "68"]
[EventDate "2019.09.29"]
[WhiteTeam "Vásárhely"]
[BlackTeam "Maróczy III."]

1. e4 c5 2. Nf3 d6 3. d4 cxd4 4. Nxd4 Nf6 5. Nc3 a6 6. Bc4 e6 7. Bb3 Nbd7 8.
O-O Nc5 9. Qe1 Qc7 10. Bg5 b5 11. Bxf6 gxf6 12. a4 b4 13. Na2 a5 14. c3 Nxb3
15. Nxb3 Ba6 16. cxb4 Bxf1 17. Qxf1 axb4 18. Rc1 Qd7 19. a5 Bh6 20. Rd1 O-O 21.
Qd3 Rfd8 22. Nxb4 Qa4 23. Nc2 Rab8 24. Nca1 Rbc8 25. Qg3+ Bg7 26. Qd3 d5 27.
exd5 Rxd5 28. Qe2 Rxd1+ 29. Qxd1 f5 30. Qe2 Qa2 31. g3 Qxb2 32. Qa6 Rd8 33. Qf1
Qa2 34. a6 Ra8 0-1

[Event "HUN Team League Csongrad Region 2019–2"]
[Site "Csongrád County"]
[Date "2020.02.09"]
[Round "6.1"]
[White "Borus, Andras"]
[Black "Buzas, Andras"]
[Result "1-0"]
[WhiteElo "2024"]
[BlackElo "1713"]
[PlyCount "111"]
[EventDate "2019.09.29"]
[WhiteTeam "Maróczy III."]
[BlackTeam "Vásárhely"]

1. Nf3 d5 2. g3 Nf6 3. Bg2 g6 4. d3 Bg7 5. Nbd2 c5 6. O-O O-O 7. e4 d4 8. a4
Nc6 9. Nc4 Ng4 10. Ne1 Nge5 11. Nd2 Be6 12. h3 Qc8 13. Kh2 f6 14. f4 Nd7 15. b3
Bf7 16. Nef3 h6 17. Qe2 e5 18. Nc4 Qc7 19. Kh1 Rae8 20. Qf2 Bxc4 21. bxc4 Nb4
22. Nh4 Kh7 23. Qe2 Rf7 24. Bf3 Nf8 25. f5 g5 26. Ng6 Rd7 27. Bh5 Kg8 28. Rf2
Rd6 29. Nf4 Re7 30. Nd5 Nxd5 31. exd5 Qd7 32. Bg4 Ra6 33. h4 Rxa4 34. Rxa4 Qxa4
35. hxg5 Qa1 36. Rf1 Qa6 37. gxh6 Bh8 38. Bh5 Qd6 39. Qg4+ Kh7 40. Bg6+ Kg8 41.
Bh5+ Kh7 42. Qe4 Kg8 43. Kg2 Nh7 44. Bd2 Rc7 45. g4 Qf8 46. g5 fxg5 47. f6 Qxh6
48. Qxe5 Qxh5 49. Qxc7 Qg4+ 50. Qg3 Qxg3+ 51. Kxg3 Nxf6 52. Bxg5 Nd7 53. Ra1 a6
54. Rb1 Be5+ 55. Kf3 b6 56. Bd8 1-0

[Event "HUN Team League Csongrad Region 2019–2"]
[Site "Csongrád County"]
[Date "2020.02.09"]
[Round "6.1"]
[White "Bene, Zoltan"]
[Black "Kocsmar, Akos"]
[Result "0-1"]
[WhiteElo "1675"]
[BlackElo "1941"]
[PlyCount "58"]
[EventDate "2019.09.29"]
[WhiteTeam "Vásárhely"]
[BlackTeam "Maróczy III."]

1. e4 c5 2. Nf3 d6 3. c3 Nf6 4. h3 Nc6 5. d3 g6 6. Be2 Bg7 7. Be3 O-O 8. e5 Nd5
9. exd6 Nxe3 10. fxe3 exd6 11. O-O d5 12. Nbd2 Qe7 13. e4 dxe4 14. Nxe4 f5 15.
Ng3 Qd6 16. Nh1 Bh6 17. Re1 Be3+ 18. Kf1 g5 19. d4 f4 20. Nxg5 cxd4 21. Bc4+
Kg7 22. Qc2 Bf5 23. Bd3 Ne7 24. Nf3 Rac8 25. c4 Qg6 26. Bxf5 Nxf5 27. Re2 Rfd8
28. Qd3 Ng3+ 29. Nxg3 Qxd3 0-1

[Event "HUN Team League Csongrad Region 2019–2"]
[Site "Csongrád County"]
[Date "2020.02.09"]
[Round "6.1"]
[White "Pluhar, Andras"]
[Black "Tokes, Janos"]
[Result "1-0"]
[WhiteElo "1878"]
[BlackElo "1700"]
[PlyCount "67"]
[EventDate "2019.09.29"]
[WhiteTeam "Maróczy III."]
[BlackTeam "Vásárhely"]

1. e4 e6 2. d4 d5 3. Nc3 Nf6 4. Bg5 Be7 5. e5 Nfd7 6. Bxe7 Qxe7 7. Qg4 f6 8.
Bd3 fxe5 9. Qh5+ Qf7 10. Qh4 e4 11. Be2 a6 12. O-O-O c5 13. Nh3 Qf6 14. Qg3
cxd4 15. Nb1 e5 16. f4 exf3 17. Bxf3 e4 18. Bh5+ g6 19. Bg4 O-O 20. Rhf1 Qxf1
21. Be6+ Kg7 22. Rxf1 Rxf1+ 23. Kd2 Rxb1 24. Qd6 Rf1 25. Qe7+ Kh6 26. g4 Nf8
27. Bxc8 Nc6 28. Qg5+ Kg7 29. Bxb7 Ra7 30. Bxc6 Raf7 31. Qe5+ Kh6 32. Bxd5 e3+
33. Ke2 d3+ 34. cxd3 1-0

[Event "HUN Team League Csongrad Region 2019–2"]
[Site "Csongrád County"]
[Date "2020.02.09"]
[Round "6.1"]
[White "Csikos, Adam"]
[Black "Blazsik, Zoltan"]
[Result "1-0"]
[WhiteElo "1297"]
[BlackElo "1634"]
[PlyCount "53"]
[EventDate "2019.09.29"]
[WhiteTeam "Vásárhely"]
[BlackTeam "Maróczy III."]

1. e4 e6 2. d4 d5 3. Bd3 b6 4. c3 Bb7 5. Qc2 Nd7 6. Ne2 c5 7. exd5 exd5 8. O-O
g6 9. Re1 Ne7 10. Nf4 Qc7 11. Qe2 O-O-O 12. Na3 c4 13. Nb5 cxd3 14. Qf3 Qb8 15.
Ne6 fxe6 16. Bf4 e5 17. Rxe5 a6 18. Re3 Qa8 19. Nd6+ Kb8 20. Nf7+ Ka7 21. Nxh8
Nf5 22. Re6 Re8 23. Rae1 Rxe6 24. Rxe6 Bg7 25. Nf7 Qc8 26. g4 Nh4 27. Qg3 1-0

[Event "HUN Team League Csongrad Region 2019–2"]
[Site "Csongrád County"]
[Date "2020.02.09"]
[Round "6.2"]
[White "Restas, Peter"]
[Black "Udvardi, Zalan"]
[Result "1/2-1/2"]
[WhiteElo "2122"]
[BlackElo "2210"]
[PlyCount "62"]
[EventDate "2019.09.29"]
[WhiteTeam "Makó III."]
[BlackTeam "Szentes II."]

1. c4 c5 2. Nc3 Nc6 3. Nf3 e5 4. g3 g6 5. Bg2 Bg7 6. O-O Nge7 7. Ne1 d6 8. Nc2
Be6 9. Ne3 Rb8 10. d3 O-O 11. Ned5 a6 12. Bg5 f6 13. Bd2 b5 14. Qc1 b4 15.
Nxe7+ Nxe7 16. Nd5 Nxd5 17. Bxd5 Bxd5 18. cxd5 f5 19. e4 f4 20. f3 g5 21. g4 h5
22. h3 hxg4 23. hxg4 Kf7 24. Qc4 Qb6 25. Kg2 Qb5 26. Rh1 Qxc4 27. dxc4 Rh8 28.
Rxh8 Bxh8 29. Rh1 Bg7 30. Kf2 a5 31. Ke2 a4 1/2-1/2

[Event "HUN Team League Csongrad Region 2019–2"]
[Site "Csongrád County"]
[Date "2020.02.09"]
[Round "6.2"]
[White "Borsi, Imre"]
[Black "Balassy, Gabor"]
[Result "1-0"]
[WhiteElo "1994"]
[BlackElo "1821"]
[PlyCount "81"]
[EventDate "2019.09.29"]
[WhiteTeam "Szentes II."]
[BlackTeam "Makó III."]

1. Nf3 d5 2. c4 dxc4 3. e4 b6 4. Bxc4 Bb7 5. Nc3 e6 6. O-O Nf6 7. Re1 Be7 8. d4
c6 9. Bg5 h6 10. Bh4 g5 11. Bg3 Kf8 12. a4 Nbd7 13. Rc1 Nh5 14. Be5 Nxe5 15.
Nxe5 Nf6 16. Ba2 Kg7 17. Re3 Bd6 18. Nd3 Bc7 19. e5 Nd5 20. Bxd5 exd5 21. f4
Bc8 22. Ne2 Bd7 23. Ng3 Kf8 24. f5 Qe7 25. Qh5 c5 26. dxc5 bxc5 27. Nxc5 Bb6
28. b4 Bxa4 29. f6 Qe8 30. Nf5 a5 31. Nd6 Bxc5 32. Rxc5 Qe6 33. Rc7 Bd7 34. b5
a4 35. b6 Rh7 36. b7 Rb8 37. Rec3 Qxe5 38. Rc8+ Be8 39. Qd1 d4 40. Rxb8 Qxd6
41. Rxe8+ 1-0

[Event "HUN Team League Csongrad Region 2019–2"]
[Site "Csongrád County"]
[Date "2020.02.09"]
[Round "6.2"]
[White "Kopias, Ferenc"]
[Black "Hajdu, Istvan"]
[Result "0-1"]
[WhiteElo "1811"]
[BlackElo "1863"]
[PlyCount "118"]
[EventDate "2019.09.29"]
[WhiteTeam "Makó III."]
[BlackTeam "Szentes II."]

1. e4 Nc6 2. d4 e5 3. dxe5 Nxe5 4. Nf3 Nxf3+ 5. Qxf3 Qf6 6. Qg3 Bc5 7. Nc3 c6
8. Bd3 Ne7 9. O-O d6 10. Be3 Qg6 11. Bxc5 Qxg3 12. hxg3 dxc5 13. a4 Be6 14. b3
O-O 15. a5 b5 16. axb6 axb6 17. Na4 Rab8 18. Ra3 f5 19. Re1 f4 20. gxf4 Rxf4
21. Nb2 b5 22. Ra7 Rf7 23. Rea1 Nc8 24. Rxf7 Kxf7 25. f4 g6 26. Kf2 Kf6 27. Kf3
h5 28. Ra6 Nb6 29. Ra7 Bf7 30. e5+ Ke6 31. Be4 Rc8 32. Nd3 Nd7 33. Ra6 c4 34.
bxc4 bxc4 35. Nb4 Nb8 36. Rb6 Kd7 37. c3 Kc7 38. Rxb8 Kxb8 39. Nxc6+ Kc7 40.
Ne7 Rb8 41. Ke3 Rb6 42. Nd5+ Bxd5 43. Bxd5 Rb2 44. Kd4 Rf2 45. Ke3 Rc2 46. Kd4
h4 47. Kxc4 Rf2 48. e6 Kd6 49. Be4 Kxe6 50. Kd4 Rxf4 51. Ke3 g5 52. c4 Ke5 53.
Bd5 Rd4 54. Bg8 g4 55. Kf2 Rd2+ 56. Kf1 h3 57. gxh3 gxh3 58. Bd5 Kf4 59. Ke1
Rxd5 0-1

[Event "HUN Team League Csongrad Region 2019–2"]
[Site "Csongrád County"]
[Date "2020.02.09"]
[Round "6.2"]
[White "Lovaszi, Szabolcs"]
[Black "Csibor, Andras"]
[Result "0-1"]
[WhiteElo "1706"]
[BlackElo "1810"]
[PlyCount "64"]
[EventDate "2019.09.29"]
[WhiteTeam "Szentes II."]
[BlackTeam "Makó III."]

1. d4 e6 2. Bf4 d5 3. e3 Bd6 4. Nf3 c6 5. Nbd2 Qc7 6. Bg3 Nd7 7. c4 Ngf6 8. c5
Bxg3 9. hxg3 e5 10. dxe5 Nxe5 11. Qc2 g6 12. Qc3 Nxf3+ 13. Nxf3 Qe7 14. Bd3 Bd7
15. Ne5 O-O-O 16. b4 Ng4 17. Nxg4 Bxg4 18. a4 d4 19. Qc2 dxe3 20. f3 Bd7 21. b5
Qe5 22. O-O Qxg3 23. Rfe1 Rhe8 24. a5 cxb5 25. a6 bxa6 26. Qa2 Qf2+ 27. Qxf2
exf2+ 28. Kxf2 Rxe1 29. Kxe1 Bc6 30. Ke2 Kb7 31. Rh1 h5 32. g4 hxg4 0-1

[Event "HUN Team League Csongrad Region 2019–2"]
[Site "Csongrád County"]
[Date "2020.02.09"]
[Round "6.2"]
[White "Hajnal, Bence"]
[Black "Balatoni, Gyorgy"]
[Result "1/2-1/2"]
[WhiteElo "1784"]
[BlackElo "1695"]
[PlyCount "120"]
[EventDate "2019.09.29"]
[WhiteTeam "Makó III."]
[BlackTeam "Szentes II."]

1. b3 e5 2. Bb2 d6 3. g3 Nf6 4. Bg2 Be7 5. d3 O-O 6. e3 c6 7. Nd2 Be6 8. Ne2
Nbd7 9. h3 Rc8 10. a3 h6 11. g4 Nh7 12. e4 d5 13. Ng3 g6 14. Rg1 Qb6 15. Bc1
Kg7 16. Ndf1 Bf6 17. Ne3 d4 18. Nef5+ Bxf5 19. gxf5 Bg5 20. Bxg5 hxg5 21. Bf3
Ndf6 22. h4 gxh4 23. fxg6 hxg3 24. gxh7 Rh8 25. Qd2 c5 26. Rxg3+ Kf8 27. Ke2
Rxh7 28. Rag1 Ke7 29. Qg5 Qd6 30. Qf5 Rch8 31. Rg5 Qe6 32. Qxe5 Qxe5 33. Rxe5+
Kd6 34. Reg5 Nd7 35. Rg7 Ne5 36. Rxh7 Rxh7 37. Rg8 b6 38. Rd8+ Kc7 39. Ra8 a5
40. Ra7+ Kd6 41. Rb7 Kc6 42. Re7 Kd6 43. Re8 Rh3 44. Bg2 Rh2 45. Kf1 Rh6 46.
Rb8 Kc7 47. Rg8 Rf6 48. Ke2 Rg6 49. Rxg6 fxg6 50. Bh3 g5 51. Bf5 Kd6 52. f3 Ke7
53. Kf2 b5 54. Kg3 b4 55. a4 Kf6 56. f4 gxf4+ 57. Kxf4 Nf7 58. Bd7 Ne5 59. Be8
Ke6 60. Bh5 Kf6 1/2-1/2

[Event "HUN Team League Csongrad Region 2019–2"]
[Site "Csongrád County"]
[Date "2020.02.09"]
[Round "6.2"]
[White "Kozak, Janos"]
[Black "Kralik, Attila"]
[Result "1/2-1/2"]
[WhiteElo "1450"]
[BlackElo "1704"]
[PlyCount "78"]
[EventDate "2019.09.29"]
[WhiteTeam "Szentes II."]
[BlackTeam "Makó III."]

1. c4 Nf6 2. Nc3 g6 3. e4 d6 4. d4 Bg7 5. Nf3 Nbd7 6. Be3 O-O 7. Be2 e5 8. O-O
Qe7 9. dxe5 Nxe5 10. Qd2 Neg4 11. Bg5 c6 12. h3 Ne5 13. Nxe5 dxe5 14. Qe3 Qb4
15. b3 h6 16. Bxf6 Bxf6 17. g3 Bxh3 18. Rfd1 Be6 19. Rd3 Rad8 20. Rad1 Rxd3 21.
Rxd3 Rd8 22. Kg2 Bg5 23. Rxd8+ Bxd8 24. Na4 Qe1 25. Qd3 Bh3+ 26. Kh2 Bf6 27.
Qf3 Be6 28. Nc5 Kg7 29. Nxe6+ fxe6 30. Kg2 Qa1 31. a4 Qd4 32. Qd3 a5 33. Kf3
Be7 34. Qxd4 exd4 35. e5 h5 36. Ke4 Bc5 37. f4 Kf7 38. Bd3 Kg7 39. Kf3 Be7
1/2-1/2

[Event "HUN Team League Csongrad Region 2019–2"]
[Site "Csongrád County"]
[Date "2020.02.09"]
[Round "6.2"]
[White "Szekeres, Mihaly"]
[Black "Gachalyi, Gergo"]
[Result "1/2-1/2"]
[WhiteElo "1688"]
[BlackElo "1519"]
[PlyCount "64"]
[EventDate "2019.09.29"]
[WhiteTeam "Makó III."]
[BlackTeam "Szentes II."]

1. d4 Nf6 2. e3 e6 3. Nf3 d5 4. Bd3 Nbd7 5. b3 Be7 6. Nbd2 O-O 7. O-O c5 8. Bb2
b6 9. c4 Bb7 10. Qc2 Rc8 11. Rac1 h6 12. h3 Re8 13. Rfe1 Qc7 14. a3 Bd6 15. e4
dxe4 16. Nxe4 Nxe4 17. Bxe4 Bxe4 18. Qxe4 Nf6 19. Qd3 Rcd8 20. Qe2 Be7 21. Rcd1
Nh7 22. dxc5 Bxc5 23. Rxd8 Rxd8 24. Rd1 Rxd1+ 25. Qxd1 f6 26. Kf1 Qd6 27. Qxd6
Bxd6 28. Ke2 Kf7 29. b4 e5 30. Nd2 Ng5 31. f3 Ne6 32. g3 h5 1/2-1/2

[Event "HUN Team League Csongrad Region 2019–2"]
[Site "Csongrád County"]
[Date "2020.02.09"]
[Round "6.3"]
[White "Varga, Gabor"]
[Black "Megyaszai, Balazs"]
[Result "1-0"]
[WhiteElo "1853"]
[BlackElo "1904"]
[PlyCount "73"]
[EventDate "2019.09.29"]
[WhiteTeam "Meritum III."]
[BlackTeam "Maróczy IV."]

1. e4 c5 2. Nc3 d6 3. g3 Nc6 4. d3 g6 5. Be3 Bg7 6. Qd2 a6 7. Bg2 Rb8 8. f4 Bd7
9. Nf3 Nf6 10. h3 O-O 11. O-O h5 12. Nh4 Be8 13. Bf3 Qc8 14. Qg2 Nh7 15. g4
hxg4 16. hxg4 b5 17. g5 b4 18. Nd1 a5 19. Bg4 Bd7 20. Bxd7 Qxd7 21. f5 Ne5 22.
d4 cxd4 23. Bxd4 Nc6 24. Bxg7 Kxg7 25. Ne3 Qa7 26. Rae1 Ne5 27. Rf2 Rbc8 28.
Ree2 Qb7 29. Nd5 Kh8 30. f6 e6 31. Ne7 Rc4 32. Qh1 Qa7 33. Kf1 Ng4 34. Nhxg6+
fxg6 35. Qxh7+ Kxh7 36. Rh2+ Nxh2+ 37. Rxh2# 1-0

[Event "HUN Team League Csongrad Region 2019–2"]
[Site "Csongrád County"]
[Date "2020.02.09"]
[Round "6.3"]
[White "Gyemant, Karoly"]
[Black "Farkas, Boldizsar"]
[Result "0-1"]
[WhiteElo "1606"]
[BlackElo "1685"]
[PlyCount "110"]
[EventDate "2019.09.29"]
[WhiteTeam "Maróczy IV."]
[BlackTeam "Meritum III."]

1. e4 a6 2. d4 b5 3. a4 Bb7 4. axb5 axb5 5. Rxa8 Bxa8 6. Bxb5 Bxe4 7. Nf3 Nf6
8. O-O e6 9. Bd3 Bb7 10. Nbd2 c5 11. c3 Be7 12. Ng5 h6 13. Nge4 cxd4 14. cxd4
Nc6 15. Nc5 Ba8 16. Nf3 Nxd4 17. Nxd4 Bxc5 18. Nc2 O-O 19. b4 Bb6 20. h3 Qc7
21. Be3 Qb7 22. f3 Nd5 23. Bxb6 Qxb6+ 24. Kh1 Nxb4 25. Nxb4 Qxb4 26. f4 Qb7 27.
Qe2 Qc7 28. h4 Rb8 29. f5 Qc6 30. f6 Rb3 31. Rf2 Qc5 32. Qg4 g5 33. Rc2 Rb1+
34. Kh2 Qg1+ 35. Kh3 Qe3+ 36. Kh2 Qe5+ 37. Qg3 Qxg3+ 38. Kxg3 Rb8 39. hxg5 hxg5
40. Kg4 Bc6 41. Kxg5 Rb3 42. Be4 Bxe4 43. Rc8+ Kh7 44. g4 Rb5+ 45. Kf4 Bd3 46.
Rc3 Bf5 47. Kg5 Bg6+ 48. Kf4 e5+ 49. Kg5 e4+ 50. Kf4 d5 51. g5 d4 52. Rh3+ Kg8
53. Ra3 d3 54. Ra8+ Kh7 55. Rd8 Rb2 0-1

[Event "HUN Team League Csongrad Region 2019–2"]
[Site "Csongrád County"]
[Date "2020.02.09"]
[Round "6.3"]
[White "Kurucz, Gergely"]
[Black "Kis, Izabella"]
[Result "1/2-1/2"]
[WhiteElo "1611"]
[BlackElo "1482"]
[PlyCount "30"]
[EventDate "2019.09.29"]
[WhiteTeam "Meritum III."]
[BlackTeam "Maróczy IV."]

1. e4 e5 2. f4 d5 3. exd5 e4 4. Nc3 Nf6 5. Bc4 Bc5 6. d3 exd3 7. Qxd3 O-O 8.
Bd2 Ng4 9. Nh3 Re8+ 10. Ne2 Ne3 11. Bxe3 Rxe3 12. Qd2 Qh4+ 13. Nf2 Qxf4 14. Bd3
Qf6 15. c3 c6 1/2-1/2

[Event "HUN Team League Csongrad Region 2019–2"]
[Site "Csongrád County"]
[Date "2020.02.09"]
[Round "6.3"]
[White "Veres, Sandor"]
[Black "Filep, Miklos Sr."]
[Result "1/2-1/2"]
[WhiteElo "1482"]
[BlackElo "1540"]
[PlyCount "40"]
[EventDate "2019.09.29"]
[WhiteTeam "Maróczy IV."]
[BlackTeam "Meritum III."]

1. d4 f5 2. c4 Nf6 3. Nc3 b6 4. Nf3 Bb7 5. Bf4 e6 6. d5 Bb4 7. dxe6 Bxc3+ 8.
bxc3 dxe6 9. Qxd8+ Kxd8 10. Ne5 Ke7 11. Rd1 Na6 12. Bg5 Rad8 13. Nd3 h6 14. Bf4
c5 15. f3 Rhf8 16. e3 Kf7 17. Ne5+ Kg8 18. Bd3 Nh5 19. Bg3 Nxg3 20. hxg3 Nc7
1/2-1/2

[Event "HUN Team League Csongrad Region 2019–2"]
[Site "Csongrád County"]
[Date "2020.02.09"]
[Round "6.3"]
[White "Lauko, Denes"]
[Black "Koszo, Ferenc"]
[Result "1-0"]
[WhiteElo "1442"]
[BlackElo "1373"]
[PlyCount "117"]
[EventDate "2019.09.29"]
[WhiteTeam "Meritum III."]
[BlackTeam "Maróczy IV."]

1. e4 e6 2. d4 d5 3. exd5 Qxd5 4. Nf3 c6 5. Nc3 Qa5 6. a3 Nf6 7. Bc4 b5 8. Ba2
Ba6 9. Bd2 Qc7 10. Ne2 Bd6 11. c4 bxc4 12. Rc1 Ne4 13. Bxc4 Bxc4 14. Rxc4 Nxd2
15. Qxd2 O-O 16. O-O Rd8 17. Rfc1 a5 18. R1c2 h6 19. Nc3 Be7 20. Qe3 Bf6 21.
Qe4 Qa7 22. Ne5 Bxe5 23. Qxe5 Nd7 24. Qe4 c5 25. dxc5 Nxc5 26. Qe2 Nd7 27. h3
Nf6 28. Nb5 Qd7 29. Rd4 Nd5 30. Rc7 Qe8 31. Rc5 Qe7 32. Rcxd5 Rxd5 33. Rxd5 Qb7
34. Rd2 Rc8 35. Nd6 Rc1+ 36. Rd1 Rxd1+ 37. Qxd1 Qxb2 38. Qf3 Qc1+ 39. Kh2 Qc7
40. Qg3 Qe7 41. Nc4 a4 42. Qb8+ Kh7 43. Qb4 Qc7+ 44. Kg1 Qd7 45. Nb2 f6 46.
Qxa4 Qd2 47. Qb3 Qe1+ 48. Kh2 Qxf2 49. a4 e5 50. a5 e4 51. Nc4 f5 52. Qe3 Qa2
53. Qc5 g6 54. Qe7+ Kg8 55. Ne5 e3 56. a6 e2 57. a7 e1=Q 58. a8=R+ Qxa8 59.
Qf7+ 1-0

[Event "HUN Team League Csongrad Region 2019–2"]
[Site "Csongrád County"]
[Date "2020.02.09"]
[Round "6.3"]
[White "Elekes, Lajos"]
[Black "Fulop, Csilla"]
[Result "0-1"]
[WhiteElo "1342"]
[BlackElo "1457"]
[PlyCount "48"]
[EventDate "2019.09.29"]
[WhiteTeam "Maróczy IV."]
[BlackTeam "Meritum III."]

1. g3 Nf6 2. Bg2 e5 3. e4 Nc6 4. Nc3 Bc5 5. Nf3 O-O 6. O-O Re8 7. d3 h6 8. a3
a6 9. Bd2 d6 10. Qc1 Be6 11. Ne2 Bb6 12. Be3 Bxe3 13. Qxe3 Qc8 14. c4 Na5 15.
b4 Nb3 16. Nc3 Nxa1 17. Rxa1 Qd8 18. Rc1 Bd7 19. Nd5 Nxd5 20. cxd5 c6 21. dxc6
Bxc6 22. Rc3 a5 23. bxa5 Qxa5 24. Bf1 Qxc3 0-1

[Event "HUN Team League Csongrad Region 2019–2"]
[Site "Csongrád County"]
[Date "2020.02.09"]
[Round "6.3"]
[White "Kantor, Robert"]
[Black "Nemeth, Norbert Marcell"]
[Result "1-0"]
[WhiteElo "1474"]
[BlackElo "1293"]
[PlyCount "35"]
[EventDate "2019.09.29"]
[WhiteTeam "Meritum III."]
[BlackTeam "Maróczy IV."]

1. e4 e5 2. Nf3 Nc6 3. Bc4 Bc5 4. c3 Qf6 5. d3 h6 6. O-O a5 7. Be3 b6 8. Bxc5
bxc5 9. Nbd2 Nge7 10. Bb5 O-O 11. Nb3 d6 12. h3 Rd8 13. Bc4 a4 14. Nbd2 d5 15.
Bb5 d4 16. cxd4 cxd4 17. Bxa4 Ba6 18. Nc4 1-0

[Event "HUN Team League Csongrad Region 2019–2"]
[Site "Csongrád County"]
[Date "2020.02.09"]
[Round "6.4"]
[White "Leszko, Bence"]
[Black "Tornyai, Jeno"]
[Result "1-0"]
[WhiteElo "2261"]
[BlackElo "1781"]
[PlyCount "120"]
[EventDate "2019.09.29"]
[WhiteTeam "Meritum II."]
[BlackTeam "Maróczy V."]

1. Nf3 d5 2. c4 e6 3. g3 dxc4 4. Bg2 Nf6 5. O-O Nbd7 6. Qa4 a6 7. Qxc4 b5 8.
Qc2 Bb7 9. b3 c5 10. Bb2 Rc8 11. d3 Be7 12. Nbd2 O-O 13. Rac1 Nd5 14. Qb1 Qb6
15. Ne4 N5f6 16. Ned2 Rfd8 17. Qa1 Nh5 18. e4 Ndf6 19. Ne1 a5 20. h3 c4 21. Be5
Bb4 22. Rd1 c3 23. Ndf3 Nd7 24. Bd4 Bc5 25. Qxc3 b4 26. Qb2 Ndf6 27. Bxc5 Qxc5
28. d4 Qc7 29. e5 Nd5 30. Nd3 Ba6 31. Rfe1 Qc2 32. Qxc2 Rxc2 33. Nc5 Bb5 34.
Nb7 Rb8 35. Nd6 Rxa2 36. Ra1 Rxa1 37. Rxa1 Be2 38. Rxa5 Bd1 39. Nd2 Nc3 40. Ra7
Ne2+ 41. Kf1 Nxd4 42. Rxf7 Nxb3 43. N2c4 Nd4 44. Nb2 Bc2 45. Rc7 b3 46. Rc4 Nf5
47. Nxf5 exf5 48. g4 fxg4 49. hxg4 Re8 50. Bd5+ Kf8 51. gxh5 Rxe5 52. Bf3 Ke7
53. Rb4 Ra5 54. Kg2 Ra2 55. Nc4 Bd3 56. Ne5 Bc2 57. Nc4 Bd3 58. Bd5 Rc2 59. Ne3
Rc5 60. Rb7+ Kf8 1-0

[Event "HUN Team League Csongrad Region 2019–2"]
[Site "Csongrád County"]
[Date "2020.02.09"]
[Round "6.4"]
[White "Szamko, Szabolcs"]
[Black "Csikos, Mihaly"]
[Result "0-1"]
[WhiteElo "1594"]
[BlackElo "2031"]
[PlyCount "106"]
[EventDate "2019.09.29"]
[WhiteTeam "Maróczy V."]
[BlackTeam "Meritum II."]

1. e4 e6 2. d4 d5 3. Nc3 Nf6 4. Bg5 Be7 5. Bd3 dxe4 6. Nxe4 Nxe4 7. Bxe7 Qxe7
8. Bxe4 Qb4+ 9. c3 Qxb2 10. Ne2 c6 11. O-O Nd7 12. a3 Qb6 13. Qd3 Nf6 14. Bf3
Qc7 15. Rfe1 O-O 16. Ng3 Bd7 17. Ne4 Nxe4 18. Bxe4 f5 19. Bf3 Rad8 20. Qe3 Bc8
21. Qg5 h6 22. Qh4 g5 23. Qh5 Qf7 24. Qxf7+ Rxf7 25. g3 Rc7 26. Re5 Kg7 27. Rb1
Kf6 28. Rc5 Rd6 29. Bg2 b6 30. Rc4 Ba6 31. Ra4 Bd3 32. Rc1 a5 33. d5 e5 34. Bf1
Bb5 35. Rc4 Bxc4 36. Bxc4 cxd5 37. Bb5 Rc5 38. a4 d4 39. c4 e4 40. Kf1 f4 41.
Ke2 Re5 42. c5 Rxc5 43. Rxc5 bxc5 44. h4 Ke5 45. hxg5 hxg5 46. gxf4+ Kxf4 47.
Bc4 d3+ 48. Ke1 Kf3 49. Bb5 d2+ 50. Kd1 Kxf2 51. Be2 e3 52. Bg4 Rd4 53. Bh5 Rc4
0-1

[Event "HUN Team League Csongrad Region 2019–2"]
[Site "Csongrád County"]
[Date "2020.02.09"]
[Round "6.4"]
[White "Farkas, Sandor"]
[Black "Puskas, Mihaly"]
[Result "1-0"]
[WhiteElo "1898"]
[BlackElo "1416"]
[PlyCount "77"]
[EventDate "2019.09.29"]
[WhiteTeam "Meritum II."]
[BlackTeam "Maróczy V."]

1. d4 d5 2. e4 dxe4 3. Nc3 Nf6 4. f3 exf3 5. Nxf3 Bf5 6. Bc4 e6 7. O-O Bb4 8.
Bg5 h6 9. Bh4 g5 10. Bg3 Bxc3 11. bxc3 Ne4 12. Be1 Nd7 13. Qe2 Qe7 14. Bd3 Nd6
15. c4 O-O-O 16. c5 Bxd3 17. cxd3 Nf5 18. Qb2 g4 19. Rb1 b6 20. Nd2 h5 21. Nc4
h4 22. cxb6 Nxb6 23. Ne5 Rdg8 24. Nc6 Qg5 25. Qb5 g3 26. Qa6+ Kd7 27. Ne5+ Ke8
28. Qb5+ Kf8 29. Bb4+ Kg7 30. h3 Qe3+ 31. Kh1 Qxd4 32. Rbc1 Qd5 33. Rc5 Qxa2
34. Rxc7 Nd5 35. Rxf7+ Kh6 36. R7xf5 exf5 37. Qc6+ Kh5 38. Rxf5+ Rg5 39. Qg6#
1-0

[Event "HUN Team League Csongrad Region 2019–2"]
[Site "Csongrád County"]
[Date "2020.02.09"]
[Round "6.4"]
[White "Szamko, Hanna"]
[Black "Fabian, Istvan"]
[Result "1/2-1/2"]
[WhiteElo "1426"]
[BlackElo "1731"]
[PlyCount "59"]
[EventDate "2019.09.29"]
[WhiteTeam "Maróczy V."]
[BlackTeam "Meritum II."]

1. e4 c5 2. Nf3 d6 3. c3 Nf6 4. Be2 Nc6 5. Qc2 Qb6 6. Na3 a6 7. Nc4 Qa7 8. e5
Ng4 9. exd6 exd6 10. h3 Nf6 11. O-O Be7 12. d3 b5 13. Ncd2 Bf5 14. Nh4 Be6 15.
Nhf3 Bf5 16. Nh4 Be6 17. Nhf3 Rc8 18. Ne4 O-O 19. Nxf6+ Bxf6 20. Nh2 Be7 21.
Re1 Bh4 22. Bg4 Bxg4 23. Nxg4 f5 24. Nh2 f4 25. Re4 Bg5 26. Nf3 Bh6 27. Bd2
Rce8 28. Rae1 Rxe4 29. Rxe4 d5 30. Re1 1/2-1/2